[Event "Autumn Cup"]
[Site "Wellington Chess Club"]
[Date "2017.05.11"]
[Round "3.4.1"]
[White "Day, Fabian"]
[Black "Winter, Ryan"]
[Result "1/2-1/2"]
[WhiteElo "1726"]
[BlackElo "1715"]

1. e4 c6 2. d4 d5 3. Nd2 dxe4 4. Nxe4 Bf5 5. Ng3 Bg6 6. Nf3 Nd7 7. h4 h6 8. h5
Bh7 9. Bd3 Bxd3 10. Qxd3 Ngf6 11. Bd2 e6 12. c4 Be7 13. O-O-O c5 14. d5 Nb6 15.
Bc3 exd5 16. cxd5 Qxd5 17. Qb5+ Qc6 18. Qxc6+ bxc6 19. Nf5 Kf8 20. Rhe1 Nbd5
21. Rxd5 $1 cxd5 (21... Nxd5 $2 22. Bxg7+ Kg8 23. Bxh8 Kxh8 24. Nxe7) 22. Nxe7
(22. Rxe7 $1 d4 23. Ne5 $1 dxc3 $2 24. Rxf7+ Kg8 25. Rxg7+ Kf8 26. Rf7+ Ke8 27.
Nd6+ Kd8 28. Nc6#) 22... d4 23. Ba5 Nxh5 24. g3 Nf6 25. b4 Re8 26. Nc6 Rxe1+
27. Nxe1 cxb4 28. Bxb4+ Ke8 29. Nxa7 Nd5 30. Bc5 Nc3 31. a3 Kd7 32. Kc2 Re8 33.
Bxd4 Rxe1 34. Bxc3 Re2+ 35. Kd3 Rxf2 36. Ke3 1/2-1/2

[Event "Autumn Cup"]
[Site "Wellington Chess Club"]
[Date "2017.05.11"]
[Round "3.4.2"]
[White "Chen, Wei Kai"]
[Black "Benitez, Edgar"]
[Result "0-1"]
[WhiteElo "1732"]
[BlackElo "1700"]

1. e4 g6 2. d4 Bg7 3. Nf3 d6 4. Bc4 Nf6 5. Nc3 O-O 6. O-O Nxe4 7. Nxe4 d5 8.
Bd3 dxe4 9. Bxe4 c6 10. c3 Bg4 11. h3 Bxf3 12. Qxf3 e6 13. Bf4 Nd7 14. Rad1 Nb6
15. Qg3 Rc8 16. h4 Nd5 17. Bg5 Qc7 18. Qf3 Rfe8 19. h5 f5 20. Bxd5 exd5 21. h6
Bf8 22. Rfe1 Qf7 23. Re5 Bd6 24. Qe3 Bxe5 25. dxe5 b5 26. f4 Re6 27. Qc5 Qc7
28. Rd4 Qb6 29. Qxb6 axb6 30. a4 b4 31. cxb4 Kf7 32. b5 Ree8 33. bxc6 Ke6 34.
a5 Rxc6 35. axb6 Rxb6 36. Ra4 Reb8 37. Ra7 R8b7 38. Ra8 d4 39. Re8+ Kd5 40.
Rd8+ Ke4 41. Bf6 Re6 42. Kf1 d3 43. Bh4 Rxb2 44. Bf2 Rb1+ 45. Be1 Ke3 0-1

[Event "Autumn Cup"]
[Site "Wellington Chess Club"]
[Date "2017.05.11"]
[Round "3.5.1"]
[White "Sole, Michael"]
[Black "Benitez, Rick"]
[Result "1-0"]
[WhiteElo "1586"]
[BlackElo "1600"]

1. e4 c5 2. Nf3 d6 3. d4 cxd4 4. Nxd4 e5 5. Bb5+ Bd7 6. Bxd7+ Qxd7 7. Nf5 g6 8.
Ne3 Nf6 9. Nc3 Bg7 10. Ned5 a6 11. Nb6 Qd8 12. Nxa8 Nc6 13. Bg5 O-O 14. Nd5
Qxa8 15. Nxf6+ Bxf6 16. Bxf6 Qc8 17. Qd2 Qe6 18. Bg5 f5 19. Qd5 Qxd5 20. exd5
Nb4 21. O-O Re8 22. a3 Nxc2 23. Rac1 Nd4 24. Rc7 b5 25. Rd7 a5 26. Rxd6 b4 27.
Rd8 Rxd8 28. Bxd8 bxa3 29. bxa3 a4 30. d6 1-0

[Event "Autumn Cup"]
[Site "Wellington Chess Club"]
[Date "2017.05.11"]
[Round "3.5.2"]
[White "Thorpe, Richard"]
[Black "Wevers, Alexis"]
[Result "0-1"]
[WhiteElo "1630"]
[BlackElo "1641"]

1. e4 d5 2. exd5 Qxd5 { B01 Scandinavian Defense: Mieses-Kotroc Variation } 3.
Nc3 Qd8 4. Nf3 Nf6 5. Bc4 Bf5 6. O-O e6 7. d4 Bd6 8. Re1 O-O 9. Bg5 h6 10. Bh4
Nbd7 11. Ne5 g5 12. g4 Bxe5 13. gxf5 Bd6 14. fxe6 Nb6 15. exf7+ Kg7 16. Bb3
gxh4 17. Kh1 Bf4 18. Rg1+ Kh8 19. Qf3 Bg5 20. Qxb7 Qxd4 21. Qg2 c5 22. Ne2 Qd7
23. f4 h3 24. Qg3 Qb7+ 25. Rg2 hxg2+ 26. Kg1 Nh5 27. Qg4 Nxf4 28. Nxf4 Qe4 29.
Qxg2 Qxf4 30. Rf1 Qd4+ 31. Kh1 c4 32. c3 Qd7 33. Bc2 Rxf7 34. Rd1 Qe7 35. Qc6
Raf8 36. Qg2 Rf2 37. Qe4 Rf1+ 38. Rxf1 Qxe4+ 39. Bxe4 Rxf1+ 0-1

[Event "Autumn Cup"]
[Site "Wellington Chess Club"]
[Date "2017.05.11"]
[Round "3.6.1"]
[White "Proctor, Matthew"]
[Black "Bennett, Ezra"]
[Result "0-1"]
[WhiteElo "1464"]
[BlackElo "1452"]

1. e4 e5 2. Nf3 Nc6 3. Bb5 Nge7 4. d4 Nxd4 5. Nxe5 Nxb5 6. Qh5 Nd6 7. c4 c6 8.
c5 Qa5+ 9. Nc3 Qxc5 10. Be3 Qa5 11. Rd1 Ng6 12. f4 Nxe4 13. Bd4 Bb4 14. Rd3 O-O
15. Re3 Nxc3 16. Bxc3 Bxc3+ 17. bxc3 d6 18. O-O Qc5 19. Rf3 Nxe5 20. Rh3 Bxh3
0-1

[Event "Autumn Cup"]
[Site "Wellington Chess Club"]
[Date "2017.05.11"]
[Round "3.6.2"]
[White "Darr, Samuel"]
[Black "Van der Anker, Juan"]
[Result "1-0"]
[WhiteElo "1501"]
[BlackElo "1501"]

1. e4 e5 2. Nf3 Nc6 3. Bc4 h6 4. Nc3 Bc5 5. O-O Nf6 6. h3 O-O 7. d3 Bb4 8. a3
Be7 9. Be3 b6 10. Qd2 Nh7 11. Nd5 Bg5 12. Bxg5 Nxg5 13. Nxg5 Qxg5 14. Qxg5 hxg5
15. Nxc7 Rb8 16. Nd5 Bb7 17. Nb4 Nd4 18. c3 Ne2+ 19. Kh1 Rbc8 20. g3 Bxe4+ 21.
dxe4 Rxc4 22. Rad1 Rd8 23. Nd3 f6 24. Rfe1 Rxe4 25. Rd2 Nxg3+ 26. fxg3 Rc4 27.
Red1 Kf7 28. Rf1 Rh8 29. Nxe5+ Ke6 30. Nxc4 1-0

[Event "Autumn Cup"]
[Site "Wellington Chess Club"]
[Date "2017.05.11"]
[Round "3.7.1"]
[White "Leask, Hamish"]
[Black "Zhao, Aiden"]
[Result "1-0"]
[WhiteElo "1300"]
[BlackElo "1315"]

1. e4 e5 2. Nf3 Nc6 3. Bb5 a6 4. Ba4 b5 5. Bb3 Nf6 6. d3 Bc5 7. Bg5 d6 8. O-O
h6 9. Bh4 Bg4 10. Nbd2 Bd4 11. c3 Bb6 12. Qc2 O-O 13. h3 Bh5 14. a3 g5 15. Bg3
Re8 16. d4 exd4 17. cxd4 Nxd4 18. Nxd4 Bxd4 19. Rac1 Bb6 20. Bh2 Rc8 21. e5
dxe5 22. g4 Bg6 23. Qxg6+ Kf8 24. Qxf7# 1-0

[Event "Autumn Cup"]
[Site "Wellington Chess Club"]
[Date "2017.05.11"]
[Round "3.7.2"]
[White "Tagos, Bernardo"]
[Black "Theodosiou, Andreas"]
[Result "1-0"]
[WhiteElo "1433"]
[BlackElo "1392"]

1. c4 e5 2. g3 Nf6 3. Nc3 Bc5 4. Bg2 c6 5. d3 Ng4 6. e3 d6 7. h3 Nf6 8. Nge2
O-O 9. a3 d5 10. cxd5 cxd5 11. Qb3 Be6 12. Qxb7 Nbd7 13. Qa6 Nb6 14. b4 Be7 15.
Bb2 Qd7 16. Nb5 e4 17. Bxf6 Bxf6 18. d4 Be7 19. Rc1 Nc4 20. Nf4 Bf5 21. Nc3 Be6
22. Nxe6 fxe6 23. O-O Rf6 24. Qa4 Qxa4 25. Nxa4 Nd2 26. Rfd1 Nf3+ 27. Bxf3 Rxf3
28. Rc2 a5 29. Nc5 Rf6 30. b5 Bd6 31. a4 Rc8 32. b6 Rf7 33. b7 Rb8 34. Rb1 Rd8
35. Nxe6 Rb8 36. Rc8+ 1-0

[Event "Autumn Cup"]
[Site "Wellington Chess Club"]
[Date "2017.05.11"]
[Round "3.7.3"]
[White "Kibblewhite, Daniel"]
[Black "He, Caleb"]
[Result "1-0"]
[WhiteElo "1451"]
[BlackElo "1416"]

1. e4 c5 2. c3 g6 3. d4 cxd4 4. cxd4 Bg7 5. Nf3 Nc6 6. d5 Ne5 7. Nc3 Nxf3+ 8.
Qxf3 d6 9. Bb5+ Bd7 10. O-O Bxb5 11. Nxb5 a6 12. Nc3 Nf6 13. Bd2 O-O 14. Rac1
Qd7 15. h3 Rac8 16. Rc2 Rc7 17. Rfc1 Rfc8 18. Be3 b5 19. b4 Nxe4 20. Qxe4 Rxc3
21. Bd2 Rxc2 22. Rxc2 Rxc2 23. Qxc2 e6 24. Qc6 Qe7 25. Qxa6 exd5 26. Qxb5 Qc7
27. Qxd5 Kf8 28. b5 Ke8 29. a4 Qc5 30. Qxc5 dxc5 31. Kf1 c4 32. Ke2 c3 33. Bc1
Kd7 34. Kd3 Kc7 35. a5 Kc8 36. Ba3 Be5 37. Bb4 Kb7 38. Bxc3 Bc7 39. a6+ Kc8 40.
Bd4 Kb8 41. Ke4 Ba5 42. b6 f5+ 43. Ke5 h5 44. Kf6 g5 45. Be5+ Ka8 46. b7+ Ka7
47. b8=Q+ Kxa6 48. Bc7 Bxc7 49. Qxc7 g4 50. hxg4 fxg4 51. Kg5 h4 52. Kxg4 h3
53. Kxh3 Kb5 54. f4 Ka4 55. Qb6 Ka3 56. Qb5 Ka2 57. Kg3 Ka1 58. Kf3 Ka2 59. Ke3
Ka1 60. Kd3 Ka2 61. Kc3 Ka1 62. Qb2# 1-0

[Event "Autumn Cup"]
[Site "Wellington Chess Club"]
[Date "2017.05.11"]
[Round "3.8.1"]
[White "He, Paul"]
[Black "Asher, Bruce"]
[Result "1-0"]
[WhiteElo "1051"]
[BlackElo "1288"]

1. e4 e6 2. d4 d5 3. Nc3 Nc6 4. Nf3 Bb4 5. e5 Nge7 6. Bd2 h6 7. g3 Nf5 8. Ne2
b6 9. Bg2 O-O 10. O-O Ba6 11. c3 Be7 12. Re1 f6 13. Qa4 Bxe2 14. Qxc6 Ba6 15.
Qxe6+ Rf7 16. Qxf5 Bc8 17. e6 Rf8 18. Qg6 Kh8 19. Nh4 Rg8 20. Bxh6 Qf8 21. Nf5
gxh6 22. Qxh6+ Qxh6 23. Nxh6 Rg5 24. Nf7+ Kg7 25. Nxg5 fxg5 26. Bxd5 Rb8 27.
Kg2 Ba6 28. Bc6 Rd8 29. h4 Rd6 30. Bd7 gxh4 31. gxh4 Bc4 32. Re5 Kf6 33. Rae1
Kg7 34. Rf5 Bxh4 35. e7 Rg6+ 36. Kh2 Bxe7 37. Rxe7+ Kh8 38. Rf8+ Bg8 39. Be6
Rh6+ 40. Kg3 Rg6+ 41. Kh4 Rg1 42. Bxg8 Rh1+ 43. Kg3 Rg1+ 44. Kh2 Rxg8 45. Rxg8+
Kxg8 46. Rxc7 a5 47. d5 Kf8 48. d6 Ke8 49. Kg3 Kd8 50. Rh7 b5 51. Kf4 a4 52.
Ke5 Kc8 53. Kd5 Kd8 54. Kc6 1-0

[Event "Autumn Cup"]
[Site "Wellington Chess Club"]
[Date "2017.05.11"]
[Round "3.8.2"]
[White "Hall, Nathan"]
[Black "Sknar, Andrew"]
[Result "0-1"]
[WhiteElo "1200"]
[BlackElo "1266"]

1. e4 e5 2. Nf3 Nc6 3. d4 d5 4. exd5 Qxd5 5. Be3 Bf5 6. c4 Qe4 7. Na3 Nb4 8.
Ng5 Nd3+ 9. Bxd3 Qxd3 10. Nb5 Qxc4 11. Qf3 Bb4+ 12. Bd2 Bxd2+ 13. Kxd2 Qb4+ 14.
Kd1 Qxb5 15. Qxf5 Nh6 16. Qe4 O-O-O 17. Nf3 Qxb2 18. Rb1 f5 19. Qxf5+ Nxf5 20.
Rxb2 e4 21. Ng5 Rxd4+ 22. Ke2 h6 23. Ne6 Rd6 24. Nc5 Rd5 25. Nxe4 Re8 26. f3
Nh4 27. g3 Ng6 28. Kf2 Re7 29. Rc1 Ne5 30. Kg2 Nd3 31. Rd2 Nxc1 32. Rxd5 Nxa2
33. Ra5 Nb4 34. Rxa7 Nc6 35. Ra4 b6 36. Kf2 Kd7 37. Nc3 Ke8 38. Nb5 Kf7 39.
Rf4+ Kg8 40. Re4 Rxe4 41. fxe4 Kf7 42. Ke3 Ke7 43. Nxc7 Kd7 44. Nb5 Na5 45. Nd4
Nc4+ 46. Kd3 Nd6 47. e5 Ne8 48. Ke4 g6 49. h4 h5 50. Kf4 Ng7 51. Kg5 Ne6+ 52.
Nxe6 Kxe6 53. Kxg6 b5 54. g4 hxg4 55. h5 g3 56. h6 g2 0-1

[Event "Julian Mazur Memorial"]
[Site "Wellington Chess Club"]
[Date "2017.07.20"]
[Round "1.01"]
[White "Ker, Anthony"]
[Black "Dixon, Hamish"]
[Result "1-0"]
[WhiteElo "2489"]
[BlackElo "1697"]

1. e4 c5 2. c3 d6 3. d4 Nf6 4. Bd3 cxd4 5. cxd4 Nc6 6. Ne2 a6 7. O-O g6 8. Nbc3
Bg7 9. h3 O-O 10. Be3 b5 11. Rc1 Bb7 12. Qd2 Rc8 13. f4 e6 14. Ng3 e5 15. fxe5
dxe5 16. d5 Nd4 17. Nge2 Nxe2+ 18. Nxe2 Qd6 19. b4 Nd7 20. Bb1 Rfe8 21. a3 f6
22. Ba2 Kh8 23. g4 Rf8 24. Ng3 Rfe8 25. Qf2 Rxc1 26. Rxc1 Rc8 27. Bc5 Qc7 28.
Ne2 Qd8 29. Rc2 Bf8 30. Nc1 Kg7 (30... f5) 31. Nd3 Rc7 32. Qf1 Rc8 33. Qc1 Nb8
34. Bxf8+ Qxf8 35. Nc5 { } 35... Qe7 36. Ne6+ 1-0

[Event "Julian Mazur Memorial"]
[Site "Wellington Chess Club"]
[Date "2017.07.20"]
[Round "1.02"]
[White "Wevers, Alexis"]
[Black "Dive, Russell"]
[Result "0-1"]
[WhiteElo "1654"]
[BlackElo "2434"]

1. d4 Nf6 2. c4 c5 3. d5 b5 4. cxb5 a6 5. Nc3 axb5 6. Bg5 b4 7. Bxf6 exf6 8.
Ne4 f5 9. Nd2 g6 10. e3 Bg7 11. Nc4 d6 12. Qd2 O-O 13. Ne2 Ba6 14. Nc1 Nd7 15.
Nb3 Nf6 16. Be2 Ne4 17. Qc2 Bxc4 18. Bxc4 Qf6 19. f3 Qh4+ 20. Kf1 Ng3+ 21. Kg1
Nxh1 22. Kxh1 Rfe8 23. Qd3 Bxb2 24. Rb1 Rxa2 25. Nxc5 Be5 26. f4 Bxf4 27. exf4
Re1+ 28. Rxe1 Qxe1+ 29. Qf1 Ra1 30. Kg1 Qe3+ 0-1

[Event "Julian Mazur Memorial"]
[Site "Wellington Chess Club"]
[Date "2017.07.20"]
[Round "1.03"]
[White "Timergazi, Layla"]
[Black "Wight, Joshua"]
[Result "1-0"]
[WhiteElo "2158"]
[BlackElo "1609"]

1. d4 d5 2. c4 c6 3. Nc3 Nf6 4. e3 Bf5 5. Nf3 e6 6. Be2 Nbd7 7. O-O Be7 8. b3
O-O 9. Bb2 Qa5 10. a3 Ne4 11. Nxe4 Bxe4 12. Rc1 Rac8 13. b4 Qc7 14. Bd3 Bg6 15.
Bxg6 hxg6 16. Re1 Qd6 17. e4 dxc4 18. Rxc4 Qf4 19. Qd3 f6 20. h3 Qh6 21. Rc2
Nb6 22. Qb3 Kf7 23. a4 Qh5 24. g4 Qh7 25. h4 Rcd8 26. a5 Na8 27. b5 Rd6 28. Ba3
Rd7 29. bxc6 1-0

[Event "Julian Mazur Memorial"]
[Site "Wellington Chess Club"]
[Date "2017.07.20"]
[Round "1.04"]
[White "Sole, Michael"]
[Black "Croad, Nicolas"]
[Result "0-1"]
[WhiteElo "1727"]
[BlackElo "2393"]

1. e4 c5 2. Nf3 d6 3. d4 cxd4 4. Nxd4 Nf6 5. Nc3 Nc6 6. Bg5 e6 7. Qd2 a6 8. f4
Bd7 9. O-O-O b5 10. a3 Qb6 11. f5 Qxd4 12. Qxd4 Nxd4 13. Rxd4 Bc6 14. Bxf6 gxf6
15. g4 Bh6+ 16. Kd1 Bf4 17. Be2 Be5 18. Rd3 a5 19. Bf3 b4 20. Ne2 Bxb2 21. axb4
axb4 22. Rxd6 Bd7 23. Rb6 Ke7 24. Rxb4 Be5 25. Ke1 Rhc8 26. Nd4 Ra3 27. Bg2
Bxd4 28. Rxd4 Rxc2 29. Rd2 Rxd2 30. Kxd2 Ra2+ 31. Ke3 Rxg2 32. Kf3 Rc2 33. h4
Rc3+ 34. Kf2 h6 35. Re1 Bc6 36. Re3 Rxe3 37. Kxe3 Kd6 38. Kf4 e5+ 39. Kf3 Kc5
40. g5 fxg5 41. hxg5 hxg5 42. Kg4 Bxe4 43. Kxg5 0-1

[Event "Julian Mazur Memorial"]
[Site "Wellington Chess Club"]
[Date "2017.07.20"]
[Round "1.06"]
[White "Darr, Samuel"]
[Black "Perry, Roger"]
[Result "0-1"]
[WhiteElo "1444"]
[BlackElo "2124"]

1. e4 c5 2. Nf3 d6 3. d4 cxd4 4. Nxd4 Nf6 5. Nc3 g6 6. Bc4 Bg7 7. Be3 O-O 8.
Bd3 Nc6 9. Qd2 Ng4 10. Nce2 Nxe3 11. Qxe3 Nxd4 12. Nxd4 Qb6 13. Nb3 Qxe3+ 14.
fxe3 Bxb2 15. Rb1 Be5 16. Na5 Bc3+ 17. Ke2 Bxa5 18. Bc4 Bc3 19. Bd5 Rb8 20. Bc4
Be5 21. Kf2 b6 22. a4 Bb7 23. Bd3 Bc6 24. Rb4 Rbd8 25. Bb5 Bxb5 26. Rxb5 f5 27.
Kf3 Rc8 28. Rc1 fxe4+ 29. Kg4 Kg7 30. Rb4 h5+ 31. Kh4 d5 32. c4 Rf2 33. Kh3 g5
34. Rb5 g4+ 35. Kh4 Rxg2 36. Kg5 Bf6+ 37. Kf5 Kf7 38. Rxd5 Rf2+ 39. Kxe4 Rxh2
40. Kd3 Kg6 41. Rf1 Ra2 42. Rff5 e6 43. Rxf6+ Kxf6 44. Rxh5 Ra3+ 45. Ke2 Rxc4
46. Rh6+ Kf5 47. Rh5+ Ke4 48. Rh4 Rc2+ 49. Kd1 Rg2 0-1

[Event "Julian Mazur Memorial"]
[Site "Wellington Chess Club"]
[Date "2017.07.20"]
[Round "1.07"]
[White "Stone, Andrew"]
[Black "Van der Anker, Juan"]
[Result "0-1"]
[WhiteElo "2113"]
[BlackElo "1444"]

1. e4 e5 2. Nf3 Nc6 3. Bc4 Bc5 4. c3 Bb6 5. d4 h6 6. O-O Nf6 7. Bd5 O-O 8. Nxe5
Nxd5 9. exd5 Nxe5 10. dxe5 d6 11. exd6 Qxd6 12. c4 Rd8 13. Qf3 c6 14. dxc6 Qxc6
15. Qxc6 bxc6 16. Nc3 Be6 17. b3 Rd3 18. Ne2 g5 19. h4 Bg4 20. Ng3 Rxg3 21.
hxg5 Bf3 22. Kh2 Rxg2+ 23. Kh3 hxg5 24. Re1 g4+ 25. Kh4 Bxf2+ 0-1

[Event "Julian Mazur Memorial"]
[Site "Wellington Chess Club"]
[Date "2017.07.20"]
[Round "1.08"]
[White "Proctor, Matthew"]
[Black "Sellen, Ian"]
[Result "0-1"]
[WhiteElo "1478"]
[BlackElo "2056"]

1. e4 e6 2. d4 d5 3. e5 c5 4. Nf3 cxd4 5. Nxd4 Nc6 6. c4 Bb4+ 7. Bd2 Qb6 8.
Nxc6 bxc6 9. Bxb4 Qxb4+ 10. Qd2 Qxd2+ 11. Nxd2 Ne7 12. cxd5 exd5 13. Rc1 Rb8
14. b3 Bf5 15. g4 Bxg4 16. Rg1 Bf5 17. Rxg7 Bg6 18. Nf3 Kf8 19. Rxf7+ Kxf7 20.
Ng5+ Ke8 21. Bh3 Rb6 22. Ne6 Rf8 23. Nc7+ Kf7 24. Rc3 Kg8 25. Ne6 Rf5 26. Bxf5
Nxf5 27. Rf3 Rb8 28. Rc3 Rc8 29. Kd2 Kf7 30. Ng5+ Ke8 31. b4 Kd7 32. e6+ Kd6
33. b5 c5 34. Ra3 Rc7 35. Ra6+ Ke5 36. a4 c4 37. a5 c3+ 38. Kc1 Nd4 0-1

[Event "Julian Mazur Memorial"]
[Site "Wellington Chess Club"]
[Date "2017.07.20"]
[Round "1.09"]
[White "Jackson, Ross"]
[Black "Kibblewhite, Daniel"]
[Result "1-0"]
[WhiteElo "2020"]
[BlackElo "1400"]

1. d4 d5 2. c4 c6 3. Nf3 Bf5 4. Nc3 Nf6 5. Qb3 b6 6. e3 e6 7. Nh4 dxc4 8. Bxc4
Be4 9. Nxe4 Nxe4 10. Nf3 Nd7 11. O-O Be7 12. Ne1 O-O 13. Bxe6 Nd6 14. Bg4 Nf6
15. Be2 Nf5 16. Nf3 c5 17. Rd1 cxd4 18. Nxd4 Nxd4 19. Rxd4 Qc7 20. Bd2 Rfd8 21.
Rc1 Qb7 22. Bf3 Qb8 23. Bc3 Bd6 24. g3 Bc5 25. Rxd8+ Qxd8 26. Bxf6 gxf6 27.
Bxa8 Qxa8 28. Rd1 Qb7 29. Rd5 Qe7 30. Qd3 Kg7 31. a3 a5 32. Rh5 h6 33. Rd5 Qe6
34. Qf5 Qe7 35. Qg4+ Kf8 36. Qf4 Kg7 37. Rh5 1-0

[Event "Julian Mazur Memorial"]
[Site "Wellington Chess Club"]
[Date "2017.07.20"]
[Round "1.10"]
[White "Tagos, Bernardo"]
[Black "Nyberg, Michael"]
[Result "0-1"]
[WhiteElo "1483"]
[BlackElo "2101"]

1. c4 Nf6 2. Nc3 g6 3. e4 d6 4. d4 Bg7 5. h3 Na6 6. Be3 c6 7. a3 O-O 8. Bd3 e5
9. Nge2 Re8 10. O-O Nc7 11. Qd2 Ne6 12. d5 Nc5 13. Bc2 Qe7 14. b4 Ncd7 15. Rac1
Nb6 16. Bb3 cxd5 17. cxd5 Bd7 18. f3 Rec8 19. Nb1 Bb5 20. Bxb6 axb6 21. Rfe1
Bd7 22. Nec3 Nh5 23. Ne2 Bf6 24. Rxc8+ Bxc8 25. g4 Bg5 26. Qd3 Nf4 27. Nxf4
Bxf4 28. Qe2 Qh4 29. Qf1 Bd7 30. Rd1 Rc8 31. Qg2 h5 32. a4 hxg4 33. fxg4 Kg7
34. Kf1 Be3 35. Ke2 Bd4 36. Qf3 Qg5 37. Kd3 Rc1 38. Bc2 Rxc2 39. Kxc2 Bxa4+ 40.
Kd3 Bxd1 41. Qxd1 Qe3+ 42. Kc4 Qxe4 43. Kb3 Qxd5+ 44. Ka4 Qa2+ 45. Kb5 Qa6# 0-1

[Event "Julian Mazur Memorial"]
[Site "Wellington Chess Club"]
[Date "2017.07.20"]
[Round "1.11"]
[White "Rossiter, Philip"]
[Black "He, Caleb"]
[Result "1-0"]
[WhiteElo "1978"]
[BlackElo "1416"]

1. c4 c5 2. Nc3 Nc6 3. Nf3 Nf6 4. d4 cxd4 5. Nxd4 g6 6. e4 d6 7. Be2 Bg7 8. Be3
O-O 9. O-O a6 10. Qd2 Qc7 11. f3 Bd7 12. Rac1 Rac8 13. Rfd1 Rfd8 14. Bf1 Nxd4
15. Bxd4 Be6 16. b3 Bd7 17. Qf2 Qb8 18. Be3 Rc6 19. Na4 Be8 20. Rd2 b5 21. Nb2
bxc4 22. Bxc4 Rdc8 23. Rcd1 R8c7 24. Nd3 Qb7 25. g4 Qb8 26. h4 e6 27. Nf4 Re7
28. g5 Nd7 29. h5 gxh5 30. Nxh5 Ne5 31. Nxg7 Nxc4 32. bxc4 Kxg7 33. Qh4 Rb7 34.
Qh6+ Kg8 35. Rh2 f6 36. Qxf6 Qc7 37. Qxe6+ Qf7 38. Qxf7+ Bxf7 39. c5 dxc5 40.
Rd8+ Kg7 41. f4 Rb1+ 42. Kg2 Rb2+ 43. Kg3 Rxh2 44. Kxh2 Bxa2 45. Bd2 h6 46.
Rd7+ Bf7 47. Bc3+ Kf8 48. Rd8+ Be8 49. gxh6 Rxh6+ 50. Kg3 Ke7 51. Rd5 c4 52. f5
Bf7 53. Bb4+ Ke8 54. Rc5 Rb6 55. Re5+ Kd7 56. Re7+ Kc6 57. Ba5 Rb5 58. Bc7 Rb7
59. Bd6 Rxe7 60. Bxe7 c3 61. Ba3 Kd7 62. Kf4 Bc4 63. e5 c2 64. Kg5 Bf7 65. Kf6
Ke8 66. e6 Bg8 67. Ke5 Bh7 68. f6 Bg8 69. Kf5 1-0

[Event "Julian Mazur Memorial"]
[Site "Wellington Chess Club"]
[Date "2017.07.20"]
[Round "1.12"]
[White "Del Favero, Marcus"]
[Black "Aldridge, Alan"]
[Result "0-1"]
[WhiteElo "1410"]
[BlackElo "1936"]

1. d4 Nf6 2. c4 e6 3. Nf3 b6 4. Nc3 Bb4 5. Bd2 Bb7 6. e3 O-O 7. Bd3 d6 8. O-O
Nbd7 9. Qc2 e5 10. Be2 Re8 11. Rfe1 Bxc3 12. Bxc3 Ne4 13. Rad1 Nxc3 14. Qxc3 e4
15. Nd2 Qf6 16. Bg4 Nf8 17. Nf1 Qg5 18. h3 h5 19. Be2 Ng6 20. Ng3 h4 21. Nh5 f5
22. d5 Ne5 23. f4 exf3 24. Nf4 fxe2 25. Rxe2 Bc8 26. Rf1 Bd7 27. a3 Re7 0-1

[Event "Julian Mazur Memorial"]
[Site "Wellington Chess Club"]
[Date "2017.07.20"]
[Round "1.13"]
[White "Coghini, Phillip"]
[Black "Theodosiou, Andreas"]
[Result "1/2-1/2"]
[WhiteElo "1888"]
[BlackElo "1493"]

1. d4 Nf6 2. c4 g6 3. g3 Bg7 4. Bg2 d6 5. Nf3 c5 6. Nc3 O-O 7. O-O Nc6 8. d5
Ne5 9. Nxe5 dxe5 10. e4 a6 11. a4 Bg4 12. f3 Bd7 13. a5 Qc7 14. Bd2 e6 15. Na4
exd5 16. Nb6 Rab8 17. cxd5 Bb5 18. Re1 Nd7 19. Nxd7 Qxd7 20. Bc3 Qd6 21. Qd2
Rbd8 22. b4 f5 23. Bh3 fxe4 24. fxe4 Rf3 25. Bg4 Rd3 26. Qb2 Rf8 27. Be2 Re3
28. Bxb5 Rxe1+ 29. Rxe1 axb5 30. Rf1 Rxf1+ 31. Kxf1 c4 32. Kg2 Bf6 33. h3 Kf7
34. Qf2 Ke7 35. Qc5 Qxc5 36. bxc5 Kd7 37. Kf2 Be7 38. d6 Bf6 39. g4 Kc6 40. Bb4
h5 1/2-1/2

[Event "Julian Mazur Memorial"]
[Site "Wellington Chess Club"]
[Date "2017.07.20"]
[Round "1.14"]
[White "Zhao, Aiden"]
[Black "Barraza, Jesse"]
[Result "0-1"]
[WhiteElo "1305"]
[BlackElo "1871"]

1. e4 d6 2. d4 Nf6 3. Nc3 Nbd7 4. Nf3 e5 5. Bg5 Be7 6. Bxf6 Bxf6 7. Nd5 O-O 8.
Nxf6+ Nxf6 9. dxe5 Nxe4 10. exd6 cxd6 11. Bd3 Qa5+ 12. Qd2 Nxd2 13. Nxd2 Re8+
14. Kd1 Qb6 15. Rf1 Qxb2 16. Rc1 Bd7 17. f3 b5 18. Rb1 Qe5 19. a3 Qxh2 20. Bxb5
Bxb5 21. Rxb5 Qxg2 22. Rd5 Qe2+ 23. Kc1 Qa6 24. Rd3 Rac8 25. Rb3 Re2 26. Rd1
Qc6 27. Rb2 d5 28. Nb3 Rxc2+ 29. Kb1 Rxb2+ 30. Kxb2 Qc2+ 0-1

[Event "Julian Mazur Memorial"]
[Site "Wellington Chess Club"]
[Date "2017.07.20"]
[Round "1.15"]
[White "Farrington, Lawrence"]
[Black "De Briey, Aurian"]
[Result "0-1"]
[WhiteElo "1855"]
[BlackElo "1300"]

1. e4 c6 2. d4 d5 3. exd5 cxd5 4. c4 Nf6 5. Nc3 Bf5 6. Bd3 Bxd3 7. Qxd3 e6 8.
Nf3 Nc6 9. a3 Bd6 10. Bg5 O-O 11. O-O dxc4 12. Qxc4 Rc8 13. Qe2 Re8 14. Rfd1
Qe7 15. Qf1 e5 16. Nd5 Qe6 17. Nxf6+ gxf6 18. Bh4 Nxd4 19. Nxd4 exd4 20. Qd3
Bc5 21. Kf1 Qe5 22. Bg3 Qe4 23. Rac1 Qxd3+ 24. Rxd3 Bb6 25. Rxc8 Rxc8 26. Ke2
Rc2+ 27. Rd2 Rxd2+ 28. Kxd2 a5 29. Kd3 Kg7 30. f3 Kg6 31. Bf2 Bc7 32. g3 h5 33.
Bxd4 h4 34. Bf2 h3 35. Ke2 a4 36. Bd4 Bxg3 37. Bg1 Be5 38. b4 axb3 39. Kd2 b2
40. Kc2 Kf5 41. Be3 Bxh2 42. Kxb2 Be5+ 0-1

[Event "Julian Mazur Memorial"]
[Site "Wellington Chess Club"]
[Date "2017.07.20"]
[Round "1.16"]
[White "Leask, Hamish"]
[Black "Benitez, Edgar"]
[Result "0-1"]
[WhiteElo "1300"]
[BlackElo "1850"]

1. e4 e5 2. Nf3 Nc6 3. Bc4 Bc5 4. O-O Nf6 5. d3 h6 6. Nc3 O-O 7. Nd5 d6 8. b4
Nxb4 9. Nxb4 Bxb4 10. Be3 c5 11. Qb1 Bc3 12. Qb3 Bxa1 13. Rxa1 a6 14. a4 Qc7
15. h3 Bd7 16. Rb1 b5 17. axb5 axb5 18. Bd5 Nxd5 19. exd5 Kh7 20. Nd2 f5 21. f4
exf4 22. Bxf4 g5 23. Bg3 Rae8 24. Kf2 f4 25. Bh2 g4 26. Ne4 g3+ 27. Bxg3 fxg3+
28. Kxg3 Rxe4 29. dxe4 Qd8 30. Qd3 Qf6 31. e5+ Qg6+ 32. Qxg6+ Kxg6 33. e6 Be8
34. Kg4 h5+ 35. Kg3 b4 36. Ra1 Kf6 37. Kf4 Bg6 38. Ra6 Bxc2 39. Rxd6 Ke7+ 40.
Ke5 Rf5# 0-1

[Event "Julian Mazur Memorial"]
[Site "Wellington Chess Club"]
[Date "2017.07.20"]
[Round "1.17"]
[White "Mullan, Brett"]
[Black "Asher, Bruce"]
[Result "1-0"]
[WhiteElo "1800"]
[BlackElo "1288"]

1. e4 c5 2. Nf3 Nc6 3. Nc3 d6 4. d4 Bd7 5. Be3 cxd4 6. Nxd4 Nf6 7. Be2 e5 8.
Nb3 g6 9. O-O Be6 10. f3 d5 11. exd5 Nxd5 12. Nxd5 Bxd5 13. Bb5 Bg7 14. Bc5 e4
15. fxe4 Bxe4 16. Qe2 f5 17. c3 b6 18. Bxc6+ Kf7 19. Qc4+ Kf6 20. Bd4+ Kg5 21.
Bxg7 Bd3 22. Qf4+ 1-0

[Event "Julian Mazur Memorial"]
[Site "Wellington Chess Club"]
[Date "2017.07.20"]
[Round "1.18"]
[White "Sknar, Andrew"]
[Black "Forlong-Ford, Colwyn"]
[Result "0-1"]
[WhiteElo "1266"]
[BlackElo "1739"]

1. e4 e5 2. Nf3 Nf6 3. Nc3 Nc6 4. Bc4 Bb4 5. Nd5 d6 6. Bb5 Ba5 7. Qe2 Bd7 8.
O-O a6 9. Bxc6 Bxc6 10. Nxf6+ Qxf6 11. c3 Qg6 12. d3 f5 13. Nd2 fxe4 14. dxe4
Bb6 15. b4 Rf8 16. a4 Rf4 17. Kh1 Bxe4 18. f3 Bc6 19. Nc4 Rf6 20. a5 Ba7 21. f4
e4 22. g4 O-O-O 23. f5 e3+ 24. Kg1 Qe8 25. Bxe3 d5 26. Rae1 Bxe3+ 27. Nxe3 Bb5
28. c4 dxc4 29. Qc2 Qc6 30. Rd1 Rfd6 31. Rf4 Rxd1+ 32. Nxd1 Qd6 33. Rf1 Qxb4
34. Qc3 Qxc3 35. Nxc3 Rd4 36. g5 Rg4+ 37. Kf2 Rxg5 38. Ke3 Rh5 39. Rf2 Rh3+ 40.
Kd2 Bd7 41. Ne4 Ra3 42. f6 Ra2+ 43. Ke3 Rxf2 44. Kxf2 gxf6 45. Nxf6 Bf5 46. Ke2
c3 47. Kd1 c2+ 48. Kc1 c6 49. Nh5 Kd7 50. Ng3 Bg6 51. Ne2 c5 52. Kb2 Kc6 53.
Nc3 c4 54. h3 Kc5 55. h4 Kb4 56. Ne2 Bd3 57. Nc1 Kxa5 58. Kc3 b5 59. Kd2 b4 60.
h5 h6 61. Ke1 b3 62. Kd2 b2 0-1

[Event "Julian Mazur Memorial"]
[Site "Wellington Chess Club"]
[Date "2017.07.20"]
[Round "1.19"]
[White "Chen, Wei Kai"]
[Black "Jacobsen-Grocott, Josiah"]
[Result "1-0"]
[WhiteElo "1732"]
[BlackElo "1250"]

1. e4 e5 2. Nf3 Nc6 3. Bc4 Bc5 4. Nc3 Nf6 5. d3 O-O 6. Bg5 a6 7. O-O Re8 8. Nd5
b5 9. Bb3 Nd4 10. Nxf6+ gxf6 11. Bh6 Nxb3 12. axb3 Kh8 13. Nh4 Rg8 14. Kh1 d5
15. f3 c6 16. f4 dxe4 17. fxe5 fxe5 18. Qh5 f6 19. d4 Qxd4 20. Rxf6 Bh3 21. Rd1
Bg4 22. Rxd4 Bxh5 23. Rxe4 Rad8 24. Rf1 Rd2 25. Bxd2 1-0